<A> Benefit-Cost Evaluation of Public Housing in Singapore
Guardado en:
| Autor principal: | |
|---|---|
| Formato: | Libro |
| Lenguaje: | inglés |
| Publicado: |
Brisbane
University of Queensland
1989
|
| Edición: | 1. ed. |
| Colección: | Discussion Paper in Economics
No. 1 |
| Etiquetas: |
Sin Etiquetas, Sea el primero en etiquetar este registro!
|
MARC
| LEADER | 00000nam a2200000 4500 | ||
|---|---|---|---|
| 001 | c022824 | ||
| 005 | 20221215113343.6 | ||
| 041 | 0 | |a eng | |
| 044 | |a AU | ||
| 245 | 1 | 0 | |a <A> Benefit-Cost Evaluation of Public Housing in Singapore |c Cheah Chee-wah |
| 250 | |a 1. ed. | ||
| 264 | 1 | |a Brisbane |b University of Queensland |c 1989 | |
| 300 | |a 18 s. | ||
| 490 | 1 | |a Discussion Paper in Economics |v No. 1 | |
| 830 | 0 | |a Discussion Paper in Economics |v No. 1 | |
| 100 | 1 | |a Chee-wah, Cheah | |